Quatre anys fent xarxa : memòria 1991 - 1994 / Diputació de Barcelona, Servei de Biblioteques, Xarxa de Biblioteques Populars memòria 1991 - 1994 / Diputació de Barcelona, Servei de Biblioteques, Xarxa de Biblioteques Populars
Descripción Física:
165 p. : il. col. ; 29 cm
MARC
| LEADER | 00000nam a2200000Ia 4500 | ||
|---|---|---|---|
| 001 | 11676 | ||
| 008 | 160829s1997 xx 000 0 cat d | ||
| 080 | |a A-1-3 | ||
| 110 | |a Barcelona (Catalunya : Província). |b Servei de Biblioteques |9 4217 | ||
| 245 | |a Quatre anys fent xarxa : |b memòria 1991 - 1994 / Diputació de Barcelona, Servei de Biblioteques, Xarxa de Biblioteques Populars | ||
| 260 | |a Barcelona : |b la Diputació, |c 1997 | ||
| 300 | |a 165 p. : |b il. col. ; |c 29 cm | ||
| 650 | |a Barcelona. Diputació. Xarxa de Biblioteques Populars |x Memòries |9 23068 | ||
| 650 | |a Barcelona. Diputació. Servei de Biblioteques |x Memòries |9 38025 | ||
| 901 | |a Arxiu | ||
| 942 | |n 1 |2 udc | ||
| 952 | |0 0 |1 0 |4 0 |6 A13 |7 1 |9 41690 |a Arxiu |b Arxiu |d 2016-12-01 |l 0 |o A-1-3 |p 11676 |r 2016-12-01 00:00:00 |w 2016-12-01 |y ARXIU | ||
| 999 | |c 43580 |d 43580 | ||